[Event "45th Olympiad 2024"]
[Site "Budapest HUN"]
[Date "2024.09.22"]
[Round "11.68"]
[Board "1"]
[White "Than, Min Hlaing"]
[Black "Pg, Md Omar Ak Hafizon"]
[Result "1-0"]
[WhiteElo "2121"]
[BlackElo "2159"]
[PlyCount "109"]
[EventDate "2024.09.11"]
[WhiteTeam "Myanmar"]
[BlackTeam "Brunei Darussalam"]
[WhiteTeamCountry "MYA"]

1. Nf3 d5 2. d4 Bf5 3. c4 e6 4. Nc3 Nc6 5. cxd5 exd5 6. Bf4 Nf6 7. e3 Bd6 8. Bg5 Be7 9. Bb5 O-O 10. Bxc6 bxc6 11. Ne5 Qe8 12. O-O ({RR} 12. Qa4 h6 13. Bxf6 Bxf6 14. Qxc6 Bxe5 15. Qxd5 Bxd4 16. Qxd4 Rd8 17. Qxa7 Qc6 18. O-O Rd2 19. Qa5 Qg6 20. Qxc7 Rc8 21. Qe5 Kh7 22. Rfd1 Rxb2 23. Nd5 Rb7 24. Ne7 Rxe7 25. Qxe7 Be4 26. g3 Qg4 {1-0 Agasarov,B (2358)-Ammar,S (2194) Dubai Police Open A 2024 (5.62)}) 12... Kh8 $146 ({RR} 12... h6 13. Bxf6 Bxf6 14. Nd3 Rb8 15. Na4 Qe4 16. Nac5 Qh4 17. Qf3 Be4 18. Qg3 Qxg3 19. hxg3 Bxd3 20. Nxd3 c5 21. Nxc5 Rxb2 22. Nd7 Rd8 23. Nxf6+ gxf6 24. Rfc1 Rd7 25. a4 Rb6 26. Rc5 Kg7 27. a5 {1-0 Bratanov,Z (2446)-Yordanova,S (2168) Kesarovski Georgiev Memorial 7th 2008 (6)}) ({RR} 12... Rb8 13. Qf3 Bg6 14. Nxg6 fxg6 15. Qe2 Bd6 16. Bh4 Rb4 17. Rac1 Qb8 18. b3 Re8 19. Qc2 Re6 20. Na4 Nd7 21. Kh1 c5 22. a3 Rxb3 23. dxc5 Bf8 24. Rb1 Rxb1 25. Rxb1 Qa8 26. Bg3 Qc6 27. Rd1 {½-½ Branowski,M-Schreiber,K Hessenliga 9495 1994}) 13. Rc1 Ng8 14. Bf4 Bd6 15. Bg3 Ne7 16. Na4 f6 17. Nd3 Qg6 18. Nf4 Qf7 19. a3 a5 20. Re1 Rab8 21. Qd2 Rb5 22. Nd3 Rfb8 23. Ndc5 Qg6 24. Rc3 h5 25. Nd3 Qh7 26. Bxd6 cxd6 27. f3 Rb3 28. Nf2 Qg6 29. Rxb3 Rxb3 30. Qxa5 Qe8 31. e4 dxe4 32. Nxe4 Qd7 33. Nec3 Rb7 34. Qa8+ Kh7 35. Qf8 Ng6 36. Qe8 Qxe8 37. Rxe8 Nf4 38. Rd8 d5 39. Rd6 Nd3 40. h4 Nxb2 41. Nxb2 Rxb2 42. Rxc6 Rb3 43. a4 Ra3 44. Rc5 Bc2 45. a5 Bb3 46. Nxd5 Ra4 47. Ne7 g6 48. Rc7 Kh8 49. Nxg6+ Kg8 50. d5 Rxa5 51. d6 Ra8 52. d7 Be6 53. Nf4 Bf5 54. Nxh5 Kf8 55. Rc8+ 1-0

[Event "45th Olympiad 2024"]
[Site "Budapest HUN"]
[Date "2024.09.22"]
[Round "11.68"]
[Board "2"]
[White "Lim Teck Guan, Rodney"]
[Black "Kyaw Zay Ya"]
[Result "1-0"]
[WhiteElo "1931"]
[BlackElo "1818"]
[PlyCount "147"]
[EventDate "2024.09.11"]
[WhiteTeam "Brunei Darussalam"]
[BlackTeam "Myanmar"]
[BlackTeamCountry "MYA"]

1. d4 d5 2. c4 c6 3. Nf3 Nf6 4. e3 Bf5 5. Nc3 e6 6. Bd3 Bg6 7. O-O Nbd7 8. Re1 Ne4 9. Qc2 f5 10. Nd2 ({RR} 10. Bxe4 fxe4 11. Nd2 Bd6 12. cxd5 exd5 13. Qd1 O-O 14. f4 Qh4 15. Rf1 b5 16. Qe1 Qxe1 17. Rxe1 a5 18. Nf1 Nb6 19. g4 b4 20. Ne2 a4 21. f5 Be8 22. Nf4 Bd7 23. Re2 c5 24. dxc5 Bxf4 {0-1 Alcaraz Lopez,F (1909)-Blaszkiewicz,J (1817) 25th Sants Open 2024 (8.22)}) 10... Bd6 11. Nf1 Qh4 12. b3 $146 ({RR} 12. g3 Qe7 13. f3 Ng5 14. Qg2 Nf6 15. cxd5 Nxd5 16. h4 Nf7 17. e4 fxe4 18. Bxe4 Nxc3 19. bxc3 Bxe4 20. Rxe4 O-O 21. Bd2 Qf6 22. Rae1 e5 23. Nh2 exd4 24. Ng4 Qf5 25. cxd4 Qd5 26. Bc3 Rad8 {1-0 Grynszpan,M (2400)-Petrovic,M (2055) Sarajevo Bosna op 46th 2016 (5)}) 12... O-O 13. Bb2 Rf6 14. f3 Raf8 15. f4 Be8 16. g3 Qh6 17. Re2 g5 18. Rg2 Rg6 19. Re1 Ndf6 20. Be2 Qh3 21. Bf3 Rf7 22. Nxe4 fxe4 23. Bd1 Rfg7 24. Ree2 Rh6 25. Ref2 Bh5 26. Bxh5 Rxh5 27. Bc1 Qf5 28. Qd1 g4 29. c5 Bc7 30. b4 Qg6 31. a4 Qe8 32. Qb3 Rf5 33. b5 Bd8 34. Ra2 h5 35. Bd2 Nh7 36. Be1 Rgf7 37. Raf2 Qd7 38. bxc6 Qxc6 39. Qb5 a6 40. Qxc6 bxc6 41. Rb2 Ng5 42. Rge2 Nf3+ 43. Kf2 h4 44. Kg2 h3+ 45. Kf2 Bf6 46. Bc3 Bd8 47. Rb8 Rd7 48. Ba5 Rf8 49. Rxd8 Rfxd8 50. Bxd8 Rxd8 51. Rb2 Kf7 52. Rb6 Rc8 53. a5 Kf6 54. Rxa6 Rb8 55. Rb6 Ra8 56. a6 Ra7 57. Rxc6 Kf5 58. Rd6 Kf6 59. Ke2 Kf5 60. Kd1 Rc7 61. Rd8 Nxd4 62. exd4 e3 63. Nxe3+ Ke4 64. Nc2 Kf3 65. Rb8 Ra7 66. Nb4 Kg2 67. Ke2 Kxh2 68. Kf2 Rf7 69. Rg8 e5 70. dxe5 Rc7 71. Nd3 Ra7 72. Rg6 Kh1 73. Rb6 d4 74. f5 1-0

[Event "45th Olympiad 2024"]
[Site "Budapest HUN"]
[Date "2024.09.22"]
[Round "11.68"]
[Board "3"]
[White "Zaw, Ye Htut"]
[Black "Pg. Shahridin, Ak. Abdul Wafie"]
[Result "1/2-1/2"]
[WhiteElo "1815"]
[BlackElo "1912"]
[PlyCount "84"]
[EventDate "2024.09.11"]
[WhiteTeam "Myanmar"]
[BlackTeam "Brunei Darussalam"]
[WhiteTeamCountry "MYA"]

1. e4 c6 2. d4 d5 3. exd5 cxd5 4. Bd3 Nf6 5. c3 Bg4 6. Qb3 Qc7 7. Ne2 Bxe2 8. Bxe2 e6 9. Be3 ({RR} 9. Nd2 Bd6 10. Nf3 Nc6 11. g3 h5 12. Be3 O-O-O 13. O-O-O Na5 14. Qc2 Nc4 15. Bg5 Kb8 16. Bxc4 Qxc4 17. Ne5 Qc7 18. Kb1 Rc8 19. Bf4 Rhd8 20. Rhe1 Ka8 21. Qe2 a6 22. Rc1 Bxe5 23. Bxe5 Qe7 {½-½ Carlsen,M (2847)-Ding,L (2799) Goldmoney Asian Rapid KO 2021 (3.13)}) ({RR} 9. O-O Bd6 10. g3 O-O 11. Qd1 Nc6 12. Nd2 Rab8 13. a4 a6 14. f4 b5 15. axb5 axb5 16. b4 Ne7 17. Bb2 Ne4 18. Ra3 Qc6 19. Nb1 Nf5 20. Qd3 Bc7 21. Nd2 Nfd6 22. Rfa1 Rfc8 23. Ra6 Bb6 {½-½ Yu,S (1705)-Wang,Z (1788) Chinese Youth U14 2024 (11.2)}) 9... Nbd7 10. Nd2 Bd6 11. h3 O-O $146 ({RR} 11... a6 12. a4 Rc8 13. O-O O-O 14. Nf3 Nb6 15. Bd3 Nbd7 16. Rfe1 Rfe8 17. Bg5 Qb8 18. Qc2 Bf4 19. Bxf4 Qxf4 20. Ne5 Qh6 21. Re3 g6 22. Rae1 Qf8 23. Rg3 Re7 24. h4 Nh5 25. Rf3 Nxe5 26. dxe5 {1-0 Almanzar Vasquez,J (1766)-Moronta Ramos,D (1651) DOM-ch (Women) 2018 (2)}) 12. O-O e5 13. dxe5 Nxe5 14. Bd4 Rfd8 15. Rfe1 Ne4 16. Rad1 Nc5 17. Qc2 Ne6 18. Nf3 Nc6 19. Bd3 h6 20. Bf5 Ncxd4 21. Nxd4 Nxd4 22. Rxd4 Be5 23. Rd2 Bf6 24. Rde2 g6 25. Bd3 d4 26. c4 Kg7 27. Re4 Qc6 28. Qe2 a5 29. h4 h5 30. Kh2 Qd6+ 31. g3 Qc6 32. f4 Qd7 33. Qf3 Re8 34. f5 Rxe4 35. Qxe4 Qxf5 36. Qxf5 gxf5 37. Bxf5 Rd8 38. Bd3 Rd6 39. Kg2 Re6 40. Re4 Rxe4 41. Bxe4 d3 42. Bxd3 Bxb2 1/2-1/2

[Event "45th Olympiad 2024"]
[Site "Budapest HUN"]
[Date "2024.09.22"]
[Round "11.68"]
[Board "4"]
[White "Akmal, Ahmad"]
[Black "Linn Phone Myat"]
[Result "0-1"]
[WhiteElo "1830"]
[BlackElo "1763"]
[PlyCount "122"]
[EventDate "2024.09.11"]
[WhiteTeam "Brunei Darussalam"]
[BlackTeam "Myanmar"]
[BlackTeamCountry "MYA"]

1. e4 c5 2. c3 Nf6 3. e5 Nd5 4. Nf3 Nc6 5. Bc4 Nb6 6. Bb3 c4 7. Bc2 g6 8. d4 cxd3 9. Qxd3 Bg7 10. Bf4 O-O 11. O-O Kh8 $146 ({RR} 11... d6 12. exd6 e5 13. Bg5 Bf5 14. Qxf5 gxf5 15. Bxd8 Raxd8 16. Bxf5 Rxd6 17. Nbd2 Ne7 18. Bc2 f5 19. Bb3+ Kh8 20. Nc4 Nxc4 21. Bxc4 h6 22. Rfd1 Rfd8 23. Rxd6 Rxd6 24. Kf1 e4 25. Ng1 Rd2 26. Rb1 {1-0 Smirnov,A (2247)-Krajewicz,P (1989) Kowalewo Pomorskie op-A 2007 (2)}) ({RR} 11... d5 12. exd6 e5 13. Bg5 f6 14. Be3 Bf5 15. Bb3+ Kh8 16. Qd1 Na5 17. Na3 Nxb3 18. axb3 Qd7 19. Nc4 Nxc4 20. bxc4 b6 21. c5 bxc5 22. Bxc5 Rfc8 23. b4 Bf8 24. Ra6 Rc6 25. Qa1 Bd3 26. Rxc6 {1-0 Kotyk,M (2137)-Eden,J (2305) Titled Tue 12th Dec Early 2023 (5)}) ({RR} 11... e6 12. Nbd2 Nd5 13. Bg3 Qc7 14. Nc4 b6 15. Nd6 a5 16. Rfe1 Ba6 17. Qe4 Nce7 18. Nh4 Nc8 19. Nxc8 Raxc8 20. f4 Bb7 21. Qd3 Rfd8 22. Nf3 Qc5+ 23. Nd4 d6 24. Kh1 Nxf4 25. Bxf4 dxe5 26. Nxe6 {0-1 Sigurdsson,B (1540)-Davidsson,O (1882) Reykjavik op 2018 (1)}) ({RR} 11... d6 12. exd6 Bf5 13. Qd1 Bxc2 14. Qxc2 Nd5 15. dxe7 Qxe7 16. Re1 Qc5 17. Be3 Nxe3 18. Rxe3 Rfe8 19. Rxe8+ Rxe8 20. Na3 b5 21. Re1 Rxe1+ 22. Nxe1 a5 23. Nf3 Bf6 24. Nb1 Nb4 25. Qb3 Qf5 26. Nbd2 {½-½ Sloan,H (1514)-Grey,N (1730) BCF-chT4S 1920 (4NCL) 2019 (4.114)}) 12. Nbd2 d5 13. Qe2 d4 14. Rad1 dxc3 15. Ne4 Qc7 16. Nxc3 a6 17. h3 Be6 18. Bd3 Nd5 19. Nxd5 Bxd5 20. Bb1 Rad8 21. Rfe1 Bxf3 22. Qxf3 Bxe5 23. Rxd8 Rxd8 24. Bh6 Qa5 25. Rc1 Bg7 26. Bxg7+ Kxg7 27. a3 Qd2 28. Rf1 Qxb2 29. Be4 Ne5 30. Qg3 b5 31. Rb1 Qd4 32. Bb7 Rd6 33. Re1 f6 34. Kh2 g5 35. Re4 Qd3 36. Re3 Qf5 37. Re4 Ng6 38. Qe3 e5 39. Qc3 Qd7 40. Ba8 Rd4 41. Re3 Nf4 42. Qc5 Ne6 43. Qb6 Rd6 44. Qa5 Qd8 45. Qxd8 Rxd8 46. Be4 Nc5 47. Bf5 Rd4 48. g3 Kf7 49. Bxh7 Ke6 50. Rc3 Kd6 51. Rf3 Ke7 52. Rc3 Rc4 53. Re3 a5 54. Bg8 Rc2 55. Kg2 b4 56. axb4 axb4 57. h4 gxh4 58. gxh4 Kf8 59. Bd5 Rd2 60. Bf3 b3 61. Rc3 b2 0-1

[Event "45th Olympiad 2024"]
[Site "Budapest HUN"]
[Date "2024.09.22"]
[Round "11.69"]
[Board "1"]
[White "Mwale, Joseph"]
[Black "Mompel Ferruz, Xavier"]
[Result "0-1"]
[WhiteElo "2063"]
[BlackElo "2273"]
[PlyCount "102"]
[EventDate "2024.09.11"]
[WhiteTeam "Malawi"]
[BlackTeam "Equatorial Guinea"]
[WhiteTeamCountry "MWI"]

1. Nf3 {Macieja,Bartlomiej} d5 2. d4 Nf6 3. c4 e6 4. g3 dxc4 5. Bg2 Bb4+ 6. Nc3 O-O 7. O-O Bxc3 ({RR} 7... Nbd7 8. Qa4 a5 9. a3 Nb6 ({RR} 9... Bxc3 10. bxc3 Nb6 11. Qc2 Bd7 12. e4 ({RR} 12. a4 Bc6) 12... Ba4 13. Qb1) 10. Qc2 Be7 11. e4 Bd7 12. Be3 h6 13. Ne5 Qe8 14. f4 Ba4 15. Qe2 ({RR} 15. Nxa4 Qxa4 16. Rfc1 Qxc2 17. Rxc2) 15... Bb3 16. f5 Ra6 17. Ng4 Nxg4 18. Qxg4 exf5 19. Rxf5 Nd7 20. e5 Rg6 21. Qe2 c6 22. Raf1 {0-1 Radjabov,T (2742)-Macieja,B (2606) FIDE World Cup 2007 (2.2)}) 8. bxc3 Bd7 $146 ({RR} 8... b5 9. a4 c6 10. Qc2 Bb7 11. Ne5 Qc7 12. Bf4 Nh5 13. Ng6 Nxf4 14. Nxf8 Nxg2 15. Nxh7 c5 16. Ng5 Nf4 17. gxf4 Qxf4 18. Qh7+ Kf8 19. Nf3 Qg4+ 20. Kh1 Bxf3+ 21. exf3 Qxf3+ 22. Kg1 Qg4+ {½-½ Hladik,J (2195)-Travnicek,P (2265) Morava-ch Prerov 1995 (8)}) ({RR} 8... b5 9. a4 c6 10. Ba3 Re8 11. Qb1 Nd5 12. Rc1 a6 13. Ne5 f6 14. Nf3 Nd7 15. Bd6 N7b6 16. Bc5 Nxa4 17. Rxa4 bxa4 18. Qa2 Qa5 19. Qxc4 Qb5 20. Qa2 Qb3 21. Qa1 Rb8 22. Ba3 a5 23. Nd2 {0-1 Yurtseven,M (2333)-Diaz Herquinio,B (2051) Titled Tue 23rd Apr Late 2024 (3)}) ({RR} 8... c6 9. Bg5 h6 10. Bxf6 Qxf6 11. Ne5 Nd7 12. Nxc4 e5 13. Rb1 Rb8 14. Qd3 b6 15. dxe5 Nxe5 16. Nxe5 Qxe5 17. Bxc6 Bf5 18. Rb5 Bxd3 19. Rxe5 Bc4 20. Bd5 Bxd5 21. Rxd5 Rbc8 22. Rd7 Rxc3 23. Rxa7 {1-0 Karnaukhova,E (2329)-Shipitsina,G Ufa Kopylov Memorial (Women) 2008 (1)}) ({RR} 8... Nd5 9. Qc2 Nd7 10. e4 Ne7 11. Re1 c6 12. Qe2 b5 13. Ng5 h6 14. Nh3 Ng6 15. f4 Nf6 16. Ba3 Re8 17. Rad1 Qa5 18. Bb4 Qb6 19. Qf3 a5 20. Bc5 Qc7 21. Rf1 Nd7 22. Ba3 Bb7 23. e5 {1-0 Rist,K (1386)-Arild,S (1208) Alta CC-ch 2015 (6)}) 9. Ba3 Re8 10. Ne5 Bc6 11. Nxc6 Nxc6 12. Qa4 Nd5 13. Qxc4 Qd7 14. e4 Nb6 15. Qb5 a6 16. Qh5 Nc4 17. Bc1 e5 18. d5 Na7 19. f4 Nb5 20. f5 f6 21. Qe2 Nbd6 22. g4 h6 23. h4 Kf8 24. a4 Ke7 25. Rd1 Rg8 26. h5 Rgb8 27. Be3 Nxe3 28. Qxe3 b6 29. Bf1 Nb7 30. Kg2 Qd6 31. Kf3 Qc5 32. Qxc5+ Nxc5 33. Rdb1 Kd6 34. Ke3 Nb7 35. Rb4 Nc5 36. a5 bxa5 37. Rxa5 Rb6 38. Rc4 Rb5 39. Rxb5 axb5 40. Rb4 Ra3 41. Bxb5 Rxc3+ 42. Kf2 Rb3 43. Rxb3 Nxb3 44. Ke3 Kc5 45. Ba4 Kb4 46. Bc6 Kc3 47. Bb5 Na5 48. Bd3 Nc4+ 49. Ke2 Kd4 50. Bb1 Nd6 51. Kf3 Nf7 0-1

[Event "45th Olympiad 2024"]
[Site "Budapest HUN"]
[Date "2024.09.22"]
[Round "11.69"]
[Board "2"]
[White "Oscar Naranjo Gonzalez"]
[Black "Chipanga, Chiletso"]
[Result "0-1"]
[WhiteElo "1861"]
[BlackElo "2089"]
[PlyCount "162"]
[EventDate "2024.09.11"]
[WhiteTeam "Equatorial Guinea"]
[BlackTeam "Malawi"]
[BlackTeamCountry "MWI"]

1. e4 c5 2. Nf3 Nc6 3. Bb5 Qc7 4. O-O e6 5. Re1 Nge7 6. c3 d5 7. exd5 Nxd5 8. d4 cxd4 9. Qxd4 ({RR} 9. Nxd4 Be7 10. Nxc6 bxc6 11. Bd3 O-O 12. Qh5 f5 13. Bc4 e5 14. Nd2 g6 15. Qh6 e4 16. f3 Qe5 17. fxe4 Bc5+ 18. Kh1 fxe4 19. Rxe4 Qc7 20. Nf3 Bf5 21. Rh4 Rae8 22. Bf4 Qb7 23. Nd4 Rf7 {1-0 Song,R (2305)-Chipanga,C (2153) Olympiad-43 Batumi 2018 (6.67)}) 9... Nde7 $146 ({RR} 9... Nf6 10. Bf4 Qd7 11. Qa4 a6 12. Ne5 axb5 13. Qxa8 Nxe5 14. Bxe5 Be7 15. Nd2 O-O 16. Rad1 Qc6 17. Nb3 Ng4 18. Bg3 h5 19. Nd4 Qb6 20. Qb8 Bd7 21. Qc7 Qxc7 22. Bxc7 Bc6 23. Nxc6 bxc6 24. Bd6 {1-0 Dobrovoljc,V (2398)-Nor,M (1907) Olympiad-44 Chennai 2022 (1.4)}) 10. Bf4 Qa5 11. Qd3 Ng6 12. Bg3 Be7 13. b4 Qb6 14. a4 a6 15. Bc4 O-O 16. a5 Qa7 17. Nbd2 b5 18. Bb3 Bb7 19. h4 Rad8 20. Qe2 Bd6 21. Bxd6 Rxd6 22. Ne4 Rdd8 23. Nc5 Ba8 24. Ng5 Rfe8 25. h5 Nf8 26. h6 gxh6 27. Nge4 Kg7 28. Qh5 Ng6 29. Re3 Nce7 30. Rh3 Ng8 31. Rg3 Bd5 32. Nd6 Rxd6 33. Qe5+ Nf6 34. Qxd6 Bxb3 35. Nxb3 Qxf2+ 36. Kxf2 Ne4+ 37. Kf1 Nxd6 38. Nc5 Nf5 39. Rd3 Ne5 40. Rd2 Ra8 41. Re1 Nc4 42. Rd7 Kg6 43. Kf2 h5 44. Red1 Nfe3 45. Rh1 Nd5 46. Rh3 Nf6 47. Rg3+ Ng4+ 48. Ke2 f5 49. Rgd3 Nge5 50. Rd8 Ra7 51. Rg8+ Kf6 52. Rdd8 Ng6 53. Rd7 Nf4+ 54. Kf2 Rxd7 55. Nxd7+ Ke7 56. Nc5 e5 57. Rg5 Kf6 58. Rg8 Kf7 59. Rd8 e4 60. Rd1 Kf6 61. g3 Nh3+ 62. Ke2 Kg5 63. Nxa6 Kg4 64. Nc5 Kxg3 65. Nxe4+ fxe4 66. Rd7 Nf4+ 67. Ke1 h4 68. Rxh7 h3 69. Rg7+ Kf3 70. a6 e3 71. a7 Nb6 72. Kd1 Kf2 73. Rf7 e2+ 74. Kc2 e1=Q 75. Rxf4+ Ke3 76. Rf8 Qd2+ 77. Kb3 Qd1+ 78. Ka2 Qc2+ 79. Ka1 Qxc3+ 80. Ka2 Qc2+ 81. Ka1 Qa4+ 0-1

[Event "45th Olympiad 2024"]
[Site "Budapest HUN"]
[Date "2024.09.22"]
[Round "11.69"]
[Board "3"]
[White "Kamwendo Precious"]
[Black "Pedro Manuel Envo Engonga Avomo"]
[Result "1-0"]
[WhiteElo "2001"]
[BlackElo "1702"]
[PlyCount "115"]
[EventDate "2024.09.11"]
[WhiteTeam "Malawi"]
[BlackTeam "Equatorial Guinea"]
[WhiteTeamCountry "MWI"]

1. d4 Nf6 2. Nf3 d5 3. c4 e6 4. g3 c6 5. Bg2 Bb4+ 6. Bd2 Qb6 ({RR} 6... Bd6 7. O-O Nbd7 8. Qc2 O-O 9. Nc3 dxc4 10. Bg5 h6 11. Bxf6 Nxf6 12. Ne5 c5 13. e3 cxd4 14. exd4 Rb8 15. Rfd1 Bd7 16. Nxc4 Qc7 {½-½ Comas Fabrego,L (2509)-Moskalenko,V (2551) Catalunya Ann 75th 2004 (5)}) 7. Nc3 $146 ({RR} 7. O-O Bxd2 8. Qxd2 Ne4 9. Qc2 Nd7 10. Nbd2 Ndf6 11. Nxe4 Nxe4 12. c5 Qd8 13. Ne5 f5 14. Bxe4 fxe4 15. f3 Qg5 16. fxe4 Qe3+ 17. Kg2 Qxd4 18. Nf7 Rf8 19. Nd6+ Ke7 20. Rxf8 Kxf8 21. exd5 Qxd5+ {1-0 Benidze,D (2468)-Odabasi,N (1545) Ordu op 2nd 2016 (1)}) ({RR} 7. O-O dxc4 8. Qc2 O-O 9. Bg5 Be7 10. Nbd2 h6 11. Nxc4 Qa6 12. Bf4 Nbd7 13. Bd6 Bxd6 14. Nxd6 Rd8 15. e4 Nb6 16. e5 Ne8 17. Ne4 Qc4 18. Qb1 Nd5 19. a3 a5 20. Re1 Qa6 21. Bf1 Qa7 {1-0 Jimenez Jimenez,L (2141)-Iral Castro,B (1821) XXX Feria de las Flores 2023 (7.14)}) ({RR} 7. c5 Bxd2+ 8. Qxd2 Qc7 9. Nc3 Nbd7 10. Qf4 Qxf4 11. gxf4 b6 12. b4 a5 13. b5 bxc5 14. bxc6 Nb8 15. Nb5 O-O 16. Ne5 c4 17. c7 Na6 18. Nxc4 Nb4 19. Nb6 Ra6 20. Nxc8 Rxc8 21. Kd2 Ne8 {1-0 Ranft,S (2203)-Staffeldt,S (1881) Leipzig VfB op 15th 2008 (1)}) ({RR} 7. O-O dxc4 8. Qc2 Be7 9. e4 Qa6 10. Nc3 b5 11. Nh4 Qb6 12. d5 Bb7 13. dxe6 fxe6 14. Qd1 Nbd7 15. Qe2 g6 16. Kh1 O-O-O 17. a4 b4 18. a5 Qc7 19. a6 Ba8 20. Na4 Ne5 21. Bf4 Rd4 {1-0 Dovzhenko,A (1992)-Novak,V Kiev Independence Cup-B 7th 2007 (3)}) 7... dxc4 8. O-O Nbd7 9. a3 Bxc3 10. bxc3 Qa5 11. Qc2 O-O 12. Rfb1 Qf5 13. Qa2 Nb6 14. a4 Ne4 15. Be1 Qa5 16. Ne5 Nd6 17. Qa3 Nf5 18. e4 Nh6 19. Qb4 Qxb4 20. Rxb4 f6 21. Nxc4 Nxc4 22. Rxc4 a5 23. d5 Bd7 24. Rd4 exd5 25. exd5 c5 26. Rdd1 b5 27. axb5 Bxb5 28. d6 Ra6 29. c4 Bxc4 30. d7 Nf7 31. Rxa5 Rxa5 32. Bxa5 Nd8 33. Bb6 Kf7 34. Bxc5 Rh8 35. f4 f5 36. Kf2 Ne6 37. Bb6 Ke7 38. Bc6 Nd8 39. Re1+ Ne6 40. d8=Q+ Rxd8 41. Bxd8+ Kxd8 42. Bg2 Nc5 43. Ke3 Nb3 44. Rd1+ Ke7 45. Bd5 Na5 46. Kd4 Bxd5 47. Kxd5 Kf6 48. Rb1 h6 49. Rb6+ Kf7 50. Rb5 g5 51. Rxa5 Kg6 52. Ke5 gxf4 53. Kxf4 h5 54. Ra6+ Kg7 55. Kxf5 h4 56. g4 h3 57. Ra7+ Kh6 58. g5+ 1-0

[Event "45th Olympiad 2024"]
[Site "Budapest HUN"]
[Date "2024.09.22"]
[Round "11.70"]
[Board "1"]
[White "AH KYE, Benitot"]
[Black "Van Bemmelen, Ursus"]
[Result "1/2-1/2"]
[WhiteElo "1815"]
[BlackElo "2146"]
[PlyCount "60"]
[EventDate "2024.09.11"]
[WhiteTeam "Mauritius"]
[BlackTeam "Netherlands Antilles"]
[WhiteTeamCountry "MRI"]
[BlackTeamCountry "AHO"]

1. e4 c5 2. Nf3 g6 3. d4 cxd4 4. Nxd4 Nf6 5. Nc3 d6 6. Be3 Nc6 7. f3 h5 8. Qd2 Nxd4 9. Qxd4 Bg7 10. O-O-O O-O 11. Qd2 Be6 12. Kb1 Kh7 $146 ({RR} 12... a6 13. Bd4 b5 14. h3 h4 15. Qg5 Rc8 16. Bd3 Qa5 17. Nd5 Bxd5 18. exd5 b4 19. Qxh4 Nxd5 20. Bxg7 Kxg7 21. Bc4 Ne3 22. Qd4+ Qe5 23. Qxe5+ dxe5 24. Bxa6 Ra8 25. Bd3 Nxd1 26. Rxd1 Rfd8 27. Re1 {0-1 Nouali,M (2137)-Bardyk,A (2192) Titled Tue 6th Feb Early 2024 (7)}) ({RR} 12... Qc7 13. Nb5 Qb8 14. Nd4 Bd7 15. g3 Rc8 16. h3 b5 17. g4 a5 18. Bh6 Bh8 19. gxh5 Nxh5 20. Rg1 Rc5 21. Nf5 Bxf5 22. exf5 Rxf5 23. Bd3 Qc8 24. Bxf5 Qxf5 25. Qd5 Qxd5 26. Rxd5 Kh7 27. Be3 {0-1 Smith,G (2029)-Kepeschuk,M (2269) Titled Tue 20th Feb Late 2024 (6)}) ({RR} 12... Qc7 13. Be2 Rfc8 14. h4 Qa5 15. g4 Rxc3 16. Qxc3 Qxa2+ 17. Kc1 Qa1+ 18. Kd2 Nxe4+ 19. fxe4 Bxc3+ 20. bxc3 Qa4 21. gxh5 gxh5 22. Rhg1+ Kh8 23. Rg5 Bg4 24. Bxg4 hxg4 25. Rxg4 Rg8 26. Rdg1 Rxg4 27. Rxg4 {0-1 Harish,N (2090)-Kepeschuk,M (2269) Titled Tue 20th Feb Late 2024 (4)}) 13. h4 Qa5 14. a3 Rac8 15. Be2 Bc4 16. Bxc4 Rxc4 17. Nd5 Qxd2 18. Rxd2 Nxd5 19. Rxd5 Ra4 20. c3 Be5 21. Ka2 Rc8 22. b3 Ra6 23. c4 Rc7 24. f4 Bf6 25. f5 Be5 26. fxg6+ Kxg6 27. Rf1 Rac6 28. a4 a6 29. a5 Rc8 30. Rf5 f6 1/2-1/2

[Event "45th Olympiad 2024"]
[Site "Budapest HUN"]
[Date "2024.09.22"]
[Round "11.70"]
[Board "2"]
[White "Capella, Rurik"]
[Black "Chinasamy, Devarajen"]
[Result "1/2-1/2"]
[WhiteElo "1971"]
[BlackElo "1975"]
[PlyCount "60"]
[EventDate "2024.09.11"]
[WhiteTeam "Netherlands Antilles"]
[BlackTeam "Mauritius"]
[WhiteTeamCountry "AHO"]
[BlackTeamCountry "MRI"]

1. e4 d6 2. d4 Nf6 3. Nc3 c6 4. h3 e5 5. Nf3 ({RR} 5. Be3 Nbd7 6. g4 g6 7. Bg2 Bg7 8. Nge2 O-O 9. O-O exd4 10. Bxd4 Re8 11. f4 Qc7 12. Ng3 Nc5 13. g5 Nfd7 14. Bxg7 Kxg7 15. Qd4+ Kg8 16. Rad1 b5 17. Qxd6 Qxd6 18. Rxd6 b4 19. Nd1 Ba6 {1-0 Timofeev,A (2580)-Krysa,L (2531) Titled Tuesday intern op 01st Sept blitz 2020 (9)}) 5... Qc7 6. Bg5 ({RR} 6. a4 Be7 7. Bc4 O-O 8. O-O a5 9. dxe5 dxe5 10. Qe2 Nbd7 11. Nh4 Nc5 12. Bg5 Ne6 13. Bxf6 Bxf6 14. Bxe6 Bxe6 15. Nf5 g6 16. Nh6+ Kg7 17. Ng4 Be7 18. Qe3 h5 19. Qh6+ Kg8 20. Ne3 Qd8 {1-0 Agasiyev,K (2441)-Mazurkiewicz,M (2145) Titled Tue 23rd Jan Early 2024 (7)}) 6... Be7 7. Bd3 $146 ({RR} 7. d5 O-O 8. dxc6 bxc6 9. Bc4 Nbd7 10. O-O Rb8 11. Qe2 Nc5 12. Rfd1 a5 13. Rab1 Ne6 14. Qd2 Rd8 15. Bh4 Rb4 16. b3 d5 17. Bxf6 dxc4 18. Bxe5 Rxd2 19. Bxc7 Rxd1+ 20. Rxd1 Nxc7 21. Ne5 cxb3 {0-1 Toronyi,D (2045)-Nagy,B (2382) HUN-chT2 Szechenyi 1011 2010 (3.1)}) 7... Nbd7 8. O-O O-O 9. Ne2 Re8 10. c3 d5 11. Nxe5 Nxe4 12. Bf4 Nxe5 13. Bxe4 dxe4 14. dxe5 Qb6 15. b3 f5 16. exf6 Bxf6 17. Be3 Qa5 18. Qc2 Bf5 19. a4 Bg6 20. b4 Qc7 21. Rfd1 Bh5 22. Rd2 Rad8 23. Rxd8 Rxd8 24. Nd4 Re8 25. a5 Bf7 26. Ne2 a6 27. Bb6 Qc8 28. Re1 Be5 29. Bd4 Bb8 30. Qd2 Qc7 1/2-1/2

[Event "45th Olympiad 2024"]
[Site "Budapest HUN"]
[Date "2024.09.22"]
[Round "11.70"]
[Board "3"]
[White "Lam Kin Cheung, Stephane"]
[Black "Van Opstal, Rurik"]
[Result "1/2-1/2"]
[WhiteElo "1677"]
[BlackElo "2006"]
[PlyCount "66"]
[EventDate "2024.09.11"]
[WhiteTeam "Mauritius"]
[BlackTeam "Netherlands Antilles"]
[WhiteTeamCountry "MRI"]
[BlackTeamCountry "AHO"]

1. e4 c5 2. Nf3 d6 3. d4 cxd4 4. Nxd4 Nf6 5. Nc3 g6 6. Be3 Bg7 7. f3 O-O 8. Qd2 Nc6 9. O-O-O Nxd4 10. Bxd4 Be6 11. Kb1 h5 ({RR} 11... Nd7 12. h4 Bxd4 13. Qxd4 Qa5 14. h5 Rac8 15. Nd5 Bxd5 16. exd5 Nf6 17. hxg6 fxg6 18. g3 Rc5 19. Bh3 Kf7 20. Be6+ Ke8 21. g4 Qb5 22. Rhe1 Qc4 23. Qd2 Kd8 24. a3 Ne8 25. Re4 Qa6 26. Qe3 {1-0 Khusnutdinov,R (2513)-Shabalov,A (2611) Moscow Aeroflot op-A 9th 2010 (4)}) 12. h4 $146 ({RR} 12. h3 h4 13. Bb5 Qa5 14. Ba4 Rfc8 15. Bb3 Bc4 16. Qf2 Rc6 17. Nd5 Bxb3 18. axb3 Nxd5 19. exd5 Ra6 20. c4 Bxd4 21. Qxd4 Rc8 22. Qd2 Qa2+ 23. Kc2 b5 24. Ra1 Qxa1 25. Rxa1 Rxa1 26. Qd4 bxc4 {0-1 Sakelsek,T (2255)-Kanovsky,D (2251) EU-chT U18 3th 2002 (2)}) ({RR} 12. h3 Kh8 13. g4 Qa5 14. a3 Rac8 15. f4 a6 16. f5 Bd7 17. fxg6 fxg6 18. Bd3 b5 19. gxh5 Nxh5 20. Qh6+ Kg8 21. Qxg6 Nf6 22. Rhg1 Rf7 23. Nd5 Rcf8 24. Bxf6 exf6 25. Nxf6+ Kh8 26. Qh7# {1-0 Colbow,C (2339)-Sanchez Alvares,K (2250) Titled Tuesday intern op 12th Jan blitz 2021 (7)}) ({RR} 12. Nd5 Bxd5 13. exd5 Qd7 14. h3 b5 15. g4 a5 16. Bxf6 Bxf6 17. gxh5 Qf5 18. hxg6 Bg7 19. gxf7+ Rxf7 20. Bxb5 a4 21. Bd3 Qf6 22. c3 Rb8 23. Rhg1 a3 24. b3 Rc8 25. Rc1 Rc5 26. Be4 Kh8 {1-0 Horvath,A (2531)-Szalanczy,E (2196) Zalakaros Barczay Memorial 2019 (6)}) 12... Kh7 13. Be2 Qa5 14. Nd5 Qxd2 15. Nxf6+ Bxf6 16. Rxd2 Bxd4 17. Rxd4 Rac8 18. c3 a5 19. Bd1 Kg7 20. Bb3 Rc5 21. Bxe6 fxe6 22. Rhd1 b5 23. a4 Rf4 24. e5 dxe5 25. Re4 bxa4 26. Rxf4 exf4 27. Rd4 e5 28. Rxa4 Kf6 29. Kc2 g5 30. Ra1 Kf5 31. hxg5 Kxg5 32. Rh1 e4 33. fxe4 Kf6 1/2-1/2